000 00262nam a22001097a 4500
008 170120b xxu||||| |||| 00| 0 eng d
020 _a9780781723626
041 _aeng
080 _25TH
_a618.2
245 _aGERONTOLOGICAL NURSING
_cELIOPOULOS, CH
942 _2udc
_cBK
999 _c3229
_d3229